000 00430nam a2200181Ia 4500
008 210210b1943 xxu||||| |||| 00| 0 eng d
041 _aeng
082 _a884/28
100 _aSUKTHANKAR (Vi Es) Ed
245 _aMahAbhArata: sabhAparvan Part I
260 _aPoona
_b-
_c1943
650 _asabhAparvan
650 _aPart
650 _aMahAbhArata:
650 _aI
690 _aSanskrit Purana & Smrithi
906 _a024436
999 _c149926
_d149926